| 000 -LEADER |
| fixed length control field |
00656cam a2200193 a 4500 |
| 040 ## - CATALOGING SOURCE |
| Transcribing agency |
DLC |
| 082 00 - DEWEY DECIMAL CLASSIFICATION NUMBER |
| Classification number |
363 GER 1994 A089 Or. |
| 100 1# - MAIN ENTRY--AUTHOR NAME |
| Personal name |
Eikenberg, Christian. |
| 245 10 - TITLE STATEMENT |
| Title |
Projects for the understanding and mitigation of natural disasters : |
| Remainder of title |
German contributions to the International Decade for Natural Disaster Reduction / |
| 260 ## - PUBLICATION, DISTRIBUTION, ETC. (IMPRINT) |
| Place of publication |
Bonn : |
| Name of publisher |
German IDNDR-Committee, |
| Year of publication |
1994. |
| 300 ## - PHYSICAL DESCRIPTION |
| Number of Pages |
xiii, 307 p. ; |
| Dimensions |
24 cm. |
| 650 #0 - SUBJECT ADDED ENTRY--TOPICAL TERM |
| Topical Term |
Natural disasters |
| 650 #0 - SUBJECT ADDED ENTRY--TOPICAL TERM |
| Topical Term |
Disasters |
| 650 #0 - SUBJECT ADDED ENTRY--TOPICAL TERM |
| Topical Term |
Natural disaster warning systems |
| 650 #0 - SUBJECT ADDED ENTRY--TOPICAL TERM |
| Topical Term |
Emergency management |
| 650 #0 - SUBJECT ADDED ENTRY--TOPICAL TERM |
| Topical Term |
Technical assistance, German. |
| 700 1# - ADDED ENTRY--PERSONAL NAME |
| Personal name |
Kron, Wolfgang. |
| 942 ## - ADDED ENTRY ELEMENTS (KOHA) |
| Koha item type |
សៀវភៅភាសាអង់គ្លេស |
| 952 ## - LOCATION AND ITEM INFORMATION (KOHA) |
| Withdrawn status [LOCAL, KOHA] |
0 |